ការធ្វើអាជីវកម្មដាំណាំកៅស៊ូ (Record no. 213)
[ view plain ]
| 000 -LEADER | |
|---|---|
| fixed length control field | 00447nam a22001577a 4500 |
| 003 - CONTROL NUMBER IDENTIFIER | |
| control field | OSt |
| 005 - DATE AND TIME OF LATEST TRANSACTION | |
| control field | 20150910113004.0 |
| 008 - FIXED-LENGTH DATA ELEMENTS--GENERAL INFORMATION | |
| fixed length control field | 150910b xxu||||| |||| 00| 0 eng d |
| 040 ## - CATALOGING SOURCE | |
| Transcribing agency | RUA |
| 082 ## - DEWEY DECIMAL CLASSIFICATION NUMBER | |
| Classification number | AGR ឯក 1995 BOO11 Or.1 |
| 100 ## - MAIN ENTRY--PERSONAL NAME | |
| 9 (RLIN) | 228 |
| Personal name | ឯក រដ្ឋ |
| 245 ## - TITLE STATEMENT | |
| Title | ការធ្វើអាជីវកម្មដាំណាំកៅស៊ូ |
| 260 ## - PUBLICATION, DISTRIBUTION, ETC. (IMPRINT) | |
| Place of publication, distribution, etc. | phnomphen |
| Name of publisher, distributor, etc. | RUA |
| Date of publication, distribution, etc. | 1995 |
| 300 ## - PHYSICAL DESCRIPTION | |
| Extent | 77P. |
| Other physical details | ILL. |
| Dimensions | 29CM. |
| 942 ## - ADDED ENTRY ELEMENTS (KOHA) | |
| Source of classification or shelving scheme | |
| Koha item type | AGR |
| Price effective from | Date last seen | Permanent Location | Not for loan | Date acquired | Date last checked out | Source of classification or shelving scheme | Total Checkouts | Koha item type | Barcode | Lost status | Damaged status | Withdrawn status | Current Location | Full call number |
|---|---|---|---|---|---|---|---|---|---|---|---|---|---|---|
| 2015-09-10 | 2015-09-10 | Library Block B | 2015-09-10 | AGR | rua004169 | Library Block B | AGR ឯក 1995 BOO11 Or.1 | |||||||
| 2015-09-10 | 2015-09-10 | Library Block B | 2015-09-10 | AGR | rua005671 | Library Block B | AGR ឯក 1995 BOO11 Or.2 | |||||||
| 2015-09-10 | 2016-06-02 | Library Block B | 2015-09-10 | 2016-05-18 | 1 | AGR | rua005193 | Library Block B | AGR ឯក 1995 BOO11 Or.3 | |||||
| 2015-09-10 | 2019-10-18 | Library Block B | 2015-09-10 | 2019-10-04 | 4 | AGR | rua003898 | Library Block B | AGR ឯក 1995 BOO11 Or.4 | |||||
| 2015-09-10 | 2015-09-10 | Library Block B | 2015-09-10 | AGR | rua003123 | Library Block B | AGR ឯក 1995 BOO11 Or.5 |